|
|
|
|
| LEADER |
00000nam a2200000 a 4500 |
| 001 |
UCP2364 |
| 003 |
CL-VaPUC |
| 008 |
990514e19970000GW |||||||||||||||||eng|d |
| 082 |
0 |
4 |
|a 532
|b FER
|2 21
|
| 100 |
0 |
|
|a Ferziger, J. H
|e author
|9 429075
|
| 700 |
0 |
|
|a Peric, M
|e author
|9 429076
|
| 245 |
1 |
0 |
|a Computational methods for fluid dynamics
|
| 300 |
|
|
|a 364 p
|
| 942 |
|
|
|c BK
|
| 945 |
|
|
|d 19990514 00:00:00
|a rbrito
|
| 260 |
|
|
|a Berlín
|b Springer
|c 1997
|
| 650 |
|
7 |
|a FLUIDOS DINAMICOS
|2 CL-VaPUC
|9 429077
|
| 650 |
|
0 |
|a Modelos matemáticos
|9 259437
|
| 650 |
|
0 |
|a Métodos numéricos
|9 259314
|
| 650 |
|
7 |
|a METODOS FINITOS
|2 CL-VaPUC
|9 429078
|
| 650 |
|
0 |
|a Ecuaciones lineales
|9 342219
|
| 583 |
|
|
|a last modification
|c 19990514 00:00:00
|k Rodrigo Vera
|
| 999 |
|
|
|c 280911
|d 280909
|
| 952 |
|
|
|0 0
|1 0
|4 0
|6 532_000000000000000_FER_1997
|7 0
|8 A
|9 321445
|a BIBCUR
|b BIBCUR
|d 2019-11-20
|i 3510484
|o 532 FER 1997
|p 3510484
|r 2025-04-22
|w 2019-11-20
|y BK
|k FIS
|